[Event "DEM U10w 2025"]
[Site "Willingen GER"]
[Date "2025.06.11"]
[Round "6"]
[White "Ruddat, Maila"]
[Black "Staudt, Merle"]
[Result "1/2-1/2"]
[Termination "normal"]
[Board "10"]
[WhiteElo "1573"]
[BlackElo "1569"]
[WhiteClock "00:47:00"]
[BlackClock "00:36:06"]
[PlyCount "42"]
[WhiteFideId "34628100"]
[BlackFideId "34631151"]
[EventCountry "GER"]
[EventRounds "9"]
[EventType "swiss"]
[EventDate "2025.06.07"]

1. e4 {[%clk 01:30:16]} {[%emt 00:00:43]} c5 {[%clk 01:30:52]} {[%emt
00:00:07]} 2. Nf3 {[%clk 01:29:12]} {[%emt 00:01:35]} e6 {[%clk 01:30:57]}
{[%emt 00:00:26]} 3. d4 {[%clk 01:28:49]} {[%emt 00:00:53]} cxd4 {[%clk
01:31:20]} {[%emt 00:00:07]} 4. Nxd4 {[%clk 01:28:54]} {[%emt 00:00:25]} a6
{[%clk 01:30:48]} {[%emt 00:01:01]} 5. Bd3 {[%clk 01:28:44]} {[%emt 00:00:41]}
Qc7 {[%clk 01:30:55]} {[%emt 00:00:23]} 6. O-O {[%clk 01:28:25]} {[%emt
00:00:48]} Nc6 {[%clk 01:31:06]} {[%emt 00:00:20]} 7. Nxc6 {[%clk 01:28:32]}
{[%emt 00:00:23]} bxc6 {[%clk 01:31:11]} {[%emt 00:00:26]} 8. Nc3 {[%clk
01:26:27]} {[%emt 00:02:35]} Nf6 {[%clk 01:31:03]} {[%emt 00:00:37]} 9. Be3
{[%clk 01:22:15]} {[%emt 00:04:43]} d5 {[%clk 01:29:08]} {[%emt 00:02:25]} 10.
exd5 {[%clk 01:20:28]} {[%emt 00:02:16]} cxd5 {[%clk 01:28:49]} {[%emt
00:00:50]} 11. Re1 {[%clk 01:17:56]} {[%emt 00:03:00]} Be7 {[%clk 01:27:23]}
{[%emt 00:01:59]} 12. Bd4 {[%clk 01:17:22]} {[%emt 00:01:00]} O-O {[%clk
01:24:56]} {[%emt 00:03:01]} 13. Be5 {[%clk 01:15:51]} {[%emt 00:02:00]} Qc6
{[%clk 01:24:35]} {[%emt 00:00:53]} 14. Qf3 {[%clk 01:14:36]} {[%emt 00:01:41]}
Bb7 {[%clk 01:22:18]} {[%emt 00:02:51]} 15. Qh3 {[%clk 01:13:08]} {[%emt
00:01:53]} h6 {[%clk 01:22:20]} {[%emt 00:00:33]} 16. Qg3 {[%clk 01:10:41]}
{[%emt 00:02:50]} Rfd8 {[%clk 01:15:20]} {[%emt 00:07:37]} 17. Bd4 {[%clk
01:08:43]} {[%emt 00:02:26]} Re8 {[%clk 01:02:36]} {[%emt 00:13:16]} 18. Rad1
{[%clk 00:57:24]} {[%emt 00:11:47]} Bd6 {[%clk 00:59:13]} {[%emt 00:03:54]} 19.
Be5 {[%clk 00:55:45]} {[%emt 00:02:06]} Rad8 {[%clk 00:49:20]} {[%emt
00:10:27]} 20. f4 {[%clk 00:51:58]} {[%emt 00:04:14]} Bxe5 {[%clk 00:43:09]}
{[%emt 00:06:44]} 21. Rxe5 {[%clk 00:47:00]} {[%emt 00:05:27]} Qb6+ {[%clk
00:36:06]} {[%emt 00:05:27]} 1/2-1/2

[Event "DEM U10w 2025"]
[Site "Willingen GER"]
[Date "2025.06.11"]
[Round "6"]
[White "Classen, Meara"]
[Black "Schaper, Alicia"]
[Result "1/2-1/2"]
[Termination "normal"]
[Board "11"]
[WhiteElo "1459"]
[BlackElo "1473"]
[WhiteClock "00:59:03"]
[BlackClock "00:44:46"]
[PlyCount "55"]
[WhiteFideId "34626956"]
[BlackFideId "533012091"]
[EventCountry "GER"]
[EventRounds "9"]
[EventType "swiss"]
[EventDate "2025.06.07"]

1. e4 {[%clk 01:30:57]} {[%emt 00:00:03]} c5 {[%clk 01:30:50]} {[%emt
00:00:10]} 2. Nc3 {[%clk 01:31:08]} {[%emt 00:00:19]} d6 {[%clk 01:31:05]}
{[%emt 00:00:16]} 3. d3 {[%clk 01:31:28]} {[%emt 00:00:10]} Nf6 {[%clk
01:31:14]} {[%emt 00:00:21]} 4. g3 {[%clk 01:31:35]} {[%emt 00:00:23]} e6
{[%clk 01:31:23]} {[%emt 00:00:20]} 5. Bg2 {[%clk 01:30:51]} {[%emt 00:01:14]}
Be7 {[%clk 01:30:55]} {[%emt 00:00:59]} 6. f4 {[%clk 01:30:37]} {[%emt
00:00:44]} Nc6 {[%clk 01:26:41]} {[%emt 00:04:44]} 7. Nf3 {[%clk 01:29:07]}
{[%emt 00:02:00]} a6 {[%clk 01:25:19]} {[%emt 00:01:52]} 8. O-O {[%clk
01:29:00]} {[%emt 00:00:36]} O-O {[%clk 01:21:59]} {[%emt 00:03:50]} 9. Be3
{[%clk 01:28:47]} {[%emt 00:00:43]} d5 {[%clk 01:18:49]} {[%emt 00:03:40]} 10.
Bf2 {[%clk 01:27:51]} {[%emt 00:01:25]} Ng4 {[%clk 01:13:44]} {[%emt 00:05:34]}
11. Qd2 {[%clk 01:24:44]} {[%emt 00:03:37]} Nxf2 {[%clk 01:10:22]} {[%emt
00:03:53]} 12. Rxf2 {[%clk 01:23:56]} {[%emt 00:01:17]} b5 {[%clk 01:08:41]}
{[%emt 00:02:10]} 13. Kh1 {[%clk 01:21:53]} {[%emt 00:02:28]} b4 {[%clk
01:07:10]} {[%emt 00:02:07]} 14. Ne2 {[%clk 01:21:15]} {[%emt 00:01:07]} dxe4
{[%clk 01:06:36]} {[%emt 00:01:05]} 15. dxe4 {[%clk 01:20:28]} {[%emt
00:01:17]} Qxd2 {[%clk 01:05:39]} {[%emt 00:01:27]} 16. Nxd2 {[%clk 01:19:12]}
{[%emt 00:01:46]} Bb7 {[%clk 01:03:50]} {[%emt 00:02:19]} 17. c3 {[%clk
01:18:34]} {[%emt 00:01:08]} a5 {[%clk 01:01:07]} {[%emt 00:03:12]} 18. Rc1
{[%clk 01:17:48]} {[%emt 00:01:15]} Ba6 {[%clk 00:57:33]} {[%emt 00:04:04]} 19.
e5 {[%clk 01:15:41]} {[%emt 00:02:37]} Rac8 {[%clk 00:56:18]} {[%emt 00:01:45]}
20. cxb4 {[%clk 01:15:47]} {[%emt 00:00:24]} axb4 {[%clk 00:55:40]} {[%emt
00:01:08]} 21. Nb3 {[%clk 01:07:36]} {[%emt 00:08:41]} Bxe2 {[%clk 00:52:53]}
{[%emt 00:03:17]} 22. Rxe2 {[%clk 01:07:47]} {[%emt 00:00:20]} Nd4 {[%clk
00:52:13]} {[%emt 00:01:10]} 23. Nxd4 {[%clk 01:06:04]} {[%emt 00:02:13]} cxd4
{[%clk 00:52:24]} {[%emt 00:00:18]} 24. Rec2 {[%clk 01:05:37]} {[%emt
00:00:58]} Rxc2 {[%clk 00:51:00]} {[%emt 00:01:54]} 25. Rxc2 {[%clk 01:05:57]}
{[%emt 00:00:10]} Rd8 {[%clk 00:50:54]} {[%emt 00:00:35]} 26. Kg1 {[%clk
01:05:27]} {[%emt 00:00:59]} h5 {[%clk 00:49:22]} {[%emt 00:02:03]} 27. Kf2
{[%clk 01:01:31]} {[%emt 00:04:27]} g5 {[%clk 00:44:46]} {[%emt 00:05:06]} 28.
Bf3 {[%clk 00:59:03]} {[%emt 00:02:58]} 1/2-1/2

[Event "DEM U10w 2025"]
[Site "Willingen GER"]
[Date "2025.06.11"]
[Round "6"]
[White "Bräutigam, Viktoria"]
[Black "Dobrynina, Alona"]
[Result "1-0"]
[Termination "normal"]
[Board "12"]
[WhiteElo "1569"]
[BlackElo "1031"]
[WhiteClock "01:01:51"]
[BlackClock "00:48:11"]
[PlyCount "69"]
[WhiteFideId "34638652"]
[BlackFideId "533043540"]
[EventCountry "GER"]
[EventRounds "9"]
[EventType "swiss"]
[EventDate "2025.06.07"]

1. e4 {[%clk 01:30:57]} {[%emt 00:00:03]} e5 {[%clk 01:30:54]} {[%emt
00:00:06]} 2. f4 {[%clk 01:31:20]} {[%emt 00:00:07]} exf4 {[%clk 01:31:12]}
{[%emt 00:00:12]} 3. Nf3 {[%clk 01:31:39]} {[%emt 00:00:10]} g5 {[%clk
01:30:51]} {[%emt 00:00:52]} 4. h4 {[%clk 01:31:43]} {[%emt 00:00:25]} gxh4
{[%clk 01:30:38]} {[%emt 00:00:44]} 5. d4 {[%clk 01:30:58]} {[%emt 00:01:15]}
Nf6 {[%clk 01:29:56]} {[%emt 00:01:11]} 6. Nc3 {[%clk 01:31:08]} {[%emt
00:00:21]} Bb4 {[%clk 01:29:35]} {[%emt 00:00:51]} 7. Qd3 {[%clk 01:28:28]}
{[%emt 00:03:11]} Qe7 {[%clk 01:25:55]} {[%emt 00:04:09]} 8. e5 {[%clk
01:26:19]} {[%emt 00:02:39]} d6 {[%clk 01:24:33]} {[%emt 00:01:52]} 9. Bxf4
{[%clk 01:25:53]} {[%emt 00:00:55]} Nc6 {[%clk 01:23:44]} {[%emt 00:01:20]} 10.
O-O-O {[%clk 01:25:39]} {[%emt 00:00:43]} Bxc3 {[%clk 01:22:43]} {[%emt
00:01:32]} 11. Qxc3 {[%clk 01:25:47]} {[%emt 00:00:20]} Ne4 {[%clk 01:22:07]}
{[%emt 00:01:07]} 12. Qe3 {[%clk 01:24:03]} {[%emt 00:02:14]} d5 {[%clk
01:20:31]} {[%emt 00:02:05]} 13. Bd3 {[%clk 01:22:12]} {[%emt 00:02:20]} Nb4
{[%clk 01:19:24]} {[%emt 00:01:38]} 14. Kb1 {[%clk 01:20:10]} {[%emt 00:02:31]}
Bd7 {[%clk 01:18:53]} {[%emt 00:01:02]} 15. Bxe4 {[%clk 01:18:54]} {[%emt
00:01:42]} dxe4 {[%clk 01:17:58]} {[%emt 00:01:29]} 16. Qxe4 {[%clk 01:18:55]}
{[%emt 00:00:25]} O-O-O {[%clk 01:17:13]} {[%emt 00:01:20]} 17. Bg5 {[%clk
01:17:43]} {[%emt 00:01:41]} Qe6 {[%clk 01:14:53]} {[%emt 00:02:50]} 18. d5
{[%clk 01:15:05]} {[%emt 00:03:08]} Qf5 {[%clk 01:14:05]} {[%emt 00:01:18]} 19.
Qxb4 {[%clk 01:14:10]} {[%emt 00:01:24]} Rde8 {[%clk 01:08:51]} {[%emt
00:05:44]} 20. Bxh4 {[%clk 01:13:19]} {[%emt 00:01:21]} Rhg8 {[%clk 01:08:15]}
{[%emt 00:01:06]} 21. Rhg1 {[%clk 01:12:05]} {[%emt 00:01:42]} Rg4 {[%clk
01:07:33]} {[%emt 00:01:14]} 22. Qa3 {[%clk 01:10:38]} {[%emt 00:01:58]} Ra4
{[%clk 01:06:42]} {[%emt 00:01:21]} 23. Qc3 {[%clk 01:08:08]} {[%emt 00:02:58]}
Bb5 {[%clk 01:03:55]} {[%emt 00:03:18]} 24. d6 {[%clk 01:05:45]} {[%emt
00:02:54]} Bc6 {[%clk 00:58:16]} {[%emt 00:06:10]} 25. Nd4 {[%clk 01:04:16]}
{[%emt 00:01:59]} Qd7 {[%clk 00:52:28]} {[%emt 00:06:17]} 26. Nxc6 {[%clk
01:03:16]} {[%emt 00:01:31]} bxc6 {[%clk 00:51:27]} {[%emt 00:01:30]} 27. Bf2
{[%clk 01:02:43]} {[%emt 00:01:03]} cxd6 {[%clk 00:49:15]} {[%emt 00:02:42]}
28. Rxd6 {[%clk 01:02:05]} {[%emt 00:01:08]} Qg4 {[%clk 00:47:40]} {[%emt
00:02:05]} 29. Qxc6+ {[%clk 01:01:45]} {[%emt 00:00:50]} Kb8 {[%clk 00:47:11]}
{[%emt 00:00:54]} 30. Qxe8+ {[%clk 01:01:48]} {[%emt 00:00:32]} Kc7 {[%clk
00:47:08]} {[%emt 00:00:33]} 31. Qe7+ {[%clk 01:01:27]} {[%emt 00:00:50]} Qd7
{[%clk 00:47:12]} {[%emt 00:00:27]} 32. Qxd7+ {[%clk 01:01:43]} {[%emt
00:00:14]} Kb8 {[%clk 00:47:34]} {[%emt 00:00:07]} 33. Qe8+ {[%clk 01:01:36]}
{[%emt 00:00:37]} Kc7 {[%clk 00:47:54]} {[%emt 00:00:11]} 34. Qe7+ {[%clk
01:01:35]} {[%emt 00:00:31]} Kb8 {[%clk 00:48:11]} {[%emt 00:00:13]} 35. Rd8#
{[%clk 01:01:51]} {[%emt 00:00:15]} 1-0

[Event "DEM U10w 2025"]
[Site "Willingen GER"]
[Date "2025.06.11"]
[Round "6"]
[White "Hirtzel, Hanna Meiki"]
[Black "Andreeva, Katharina"]
[Result "1-0"]
[Termination "normal"]
[Board "13"]
[WhiteElo "984"]
[BlackElo "1614"]
[WhiteClock "00:34:23"]
[BlackClock "00:26:09"]
[PlyCount "115"]
[WhiteFideId "533040648"]
[BlackFideId "533000905"]
[EventCountry "GER"]
[EventRounds "9"]
[EventType "swiss"]
[EventDate "2025.06.07"]

1. d4 {[%clk 01:30:59]} {[%emt 00:00:01]} Nf6 {[%clk 01:30:58]} {[%emt
00:00:02]} 2. Nf3 {[%clk 01:31:14]} {[%emt 00:00:15]} e6 {[%clk 01:31:15]}
{[%emt 00:00:14]} 3. Bf4 {[%clk 01:31:19]} {[%emt 00:00:24]} b6 {[%clk
01:25:24]} {[%emt 00:06:22]} 4. e3 {[%clk 01:26:13]} {[%emt 00:05:35]} Bb7
{[%clk 01:24:31]} {[%emt 00:01:23]} 5. Nbd2 {[%clk 01:23:27]} {[%emt 00:03:16]}
c5 {[%clk 01:20:44]} {[%emt 00:04:16]} 6. c3 {[%clk 01:20:00]} {[%emt
00:03:58]} Nc6 {[%clk 01:16:26]} {[%emt 00:04:47]} 7. Bd3 {[%clk 01:15:34]}
{[%emt 00:04:55]} Be7 {[%clk 01:12:16]} {[%emt 00:04:41]} 8. O-O {[%clk
01:13:43]} {[%emt 00:02:22]} O-O {[%clk 01:12:26]} {[%emt 00:00:21]} 9. Qc2
{[%clk 01:09:46]} {[%emt 00:04:10]} h6 {[%clk 01:10:21]} {[%emt 00:02:52]} 10.
Rfe1 {[%clk 01:06:09]} {[%emt 00:04:06]} d5 {[%clk 01:07:31]} {[%emt 00:03:20]}
11. c4 {[%clk 01:00:39]} {[%emt 00:06:01]} Rc8 {[%emt 00:09:42]} 12. Rac1
{[%clk 00:56:26]} {[%emt 00:00:10]} cxd4 {[%clk 00:52:37]} {[%emt 00:10:45]}
13. exd4 {[%clk 00:55:32]} {[%emt 00:01:23]} dxc4 {[%clk 00:49:48]} {[%emt
00:03:19]} 14. Qxc4 {[%clk 00:52:55]} {[%emt 00:03:08]} Ne5 {[%clk 00:47:22]}
{[%emt 00:02:55]} 15. Qb3 {[%clk 00:47:10]} {[%emt 00:06:05]} Bd5 {[%clk
00:44:55]} {[%emt 00:03:07]} 16. Qb5 {[%clk 00:44:48]} {[%emt 00:02:21]} Nxd3
{[%clk 00:43:39]} {[%emt 00:02:17]} 17. Qxd3 {[%clk 00:44:15]} {[%emt
00:01:03]} Bb7 {[%clk 00:36:39]} {[%emt 00:07:29]} 18. Ne5 {[%clk 00:38:25]}
{[%emt 00:06:03]} Nd7 {[%clk 00:32:43]} {[%emt 00:04:42]} 19. Qg3 {[%clk
00:34:07]} {[%emt 00:04:28]} g5 {[%clk 00:30:43]} {[%emt 00:02:51]} 20. h3
{[%clk 00:30:07]} {[%emt 00:04:29]} Nxe5 {[%clk 00:27:00]} {[%emt 00:04:14]}
21. Bxe5 {[%clk 00:28:49]} {[%emt 00:01:48]} Bd5 {[%clk 00:24:46]} {[%emt
00:05:30]} 22. a3 {[%clk 00:30:27]} {[%emt 00:00:51]} Bf6 {[%clk 00:22:17]}
{[%emt 00:02:57]} 23. Rxc8 {[%clk 00:29:38]} {[%emt 00:01:19]} Bxe5 {[%clk
00:21:19]} {[%emt 00:01:28]} 24. Rxd8 {[%clk 00:29:52]} {[%emt 00:00:16]} Bxg3
{[%clk 00:21:26]} {[%emt 00:00:24]} 25. Rxf8+ {[%clk 00:30:14]} {[%emt
00:00:08]} Kxf8 {[%clk 00:21:19]} {[%emt 00:00:37]} 26. fxg3 {[%clk 00:30:35]}
{[%emt 00:00:08]} Ke7 {[%clk 00:21:29]} {[%emt 00:00:20]} 27. h4 {[%clk
00:30:19]} {[%emt 00:00:47]} g4 {[%clk 00:21:28]} {[%emt 00:00:30]} 28. Re5
{[%clk 00:29:55]} {[%emt 00:00:45]} Kf6 {[%clk 00:20:31]} {[%emt 00:01:36]} 29.
Ne4+ {[%clk 00:29:14]} {[%emt 00:01:01]} Bxe4 {[%clk 00:20:37]} {[%emt
00:00:35]} 30. Rxe4 {[%clk 00:29:39]} {[%emt 00:00:06]} Kf5 {[%clk 00:20:49]}
{[%emt 00:00:15]} 31. Re5+ {[%clk 00:29:20]} {[%emt 00:00:39]} Kf6 {[%clk
00:21:04]} {[%emt 00:00:26]} 32. Kf2 {[%clk 00:29:37]} {[%emt 00:00:14]} Kg6
{[%clk 00:21:17]} {[%emt 00:00:16]} 33. Ke3 {[%clk 00:29:51]} {[%emt 00:00:17]}
h5 {[%clk 00:21:10]} {[%emt 00:00:35]} 34. Rg5+ {[%clk 00:29:55]} {[%emt
00:00:27]} Kh6 {[%clk 00:21:27]} {[%emt 00:00:14]} 35. Kf4 {[%clk 00:30:05]}
{[%emt 00:00:20]} f6 {[%clk 00:21:08]} {[%emt 00:00:50]} 36. Rg8 {[%clk
00:30:04]} {[%emt 00:00:28]} Kh7 {[%clk 00:21:18]} {[%emt 00:00:23]} 37. Re8
{[%clk 00:30:18]} {[%emt 00:00:15]} e5+ {[%clk 00:21:20]} {[%emt 00:00:29]} 38.
dxe5 {[%clk 00:30:32]} {[%emt 00:00:16]} fxe5+ {[%clk 00:21:40]} {[%emt
00:00:10]} 39. Rxe5 {[%clk 00:30:49]} {[%emt 00:00:13]} Kg6 {[%clk 00:21:58]}
{[%emt 00:00:10]} 40. b4 {[%clk 00:31:09]} {[%emt 00:00:13]} Kf6 {[%clk
00:22:07]} {[%emt 00:00:19]} 41. a4 {[%clk 00:31:30]} {[%emt 00:00:10]} a6
{[%clk 00:22:21]} {[%emt 00:00:15]} 42. Rxh5 {[%clk 00:31:40]} {[%emt
00:00:21]} Kg6 {[%clk 00:22:37]} {[%emt 00:00:15]} 43. Rg5+ {[%clk 00:31:58]}
{[%emt 00:00:10]} Kh6 {[%clk 00:22:54]} {[%emt 00:00:14]} 44. Rxg4 {[%clk
00:32:20]} {[%emt 00:00:08]} Kh5 {[%clk 00:23:08]} {[%emt 00:00:16]} 45. Rg8
{[%clk 00:32:18]} {[%emt 00:00:32]} b5 {[%clk 00:23:11]} {[%emt 00:00:28]} 46.
axb5 {[%clk 00:32:36]} {[%emt 00:00:13]} axb5 {[%clk 00:23:20]} {[%emt
00:00:19]} 47. Rb8 {[%clk 00:32:09]} {[%emt 00:00:57]} Kh6 {[%clk 00:23:35]}
{[%emt 00:00:15]} 48. Rxb5 {[%clk 00:32:33]} {[%emt 00:00:07]} Kg6 {[%clk
00:23:53]} {[%emt 00:00:10]} 49. Rf5 {[%clk 00:32:49]} {[%emt 00:00:14]} Kh6
{[%clk 00:24:12]} {[%emt 00:00:12]} 50. b5 {[%clk 00:33:15]} {[%emt 00:00:05]}
Kg6 {[%clk 00:24:33]} {[%emt 00:00:08]} 51. b6 {[%clk 00:33:41]} {[%emt
00:00:05]} Kg7 {[%clk 00:24:39]} {[%emt 00:00:20]} 52. b7 {[%emt 00:00:21]} Kh7
{[%clk 00:24:44]} {[%emt 00:00:09]} 53. b8=Q {[%clk 00:34:29]} {[%emt
00:00:09]} Kh6 {[%clk 00:25:02]} {[%emt 00:00:13]} 54. Qb6+ {[%clk 00:34:42]}
{[%emt 00:00:17]} Kg7 {[%clk 00:25:22]} {[%emt 00:00:10]} 55. Qf6+ {[%clk
00:34:46]} {[%emt 00:00:25]} Kh7 {[%clk 00:25:31]} {[%emt 00:00:19]} 56. Rh5+
{[%clk 00:34:25]} {[%emt 00:00:53]} Kg8 {[%clk 00:25:53]} {[%emt 00:00:09]} 57.
Rg5+ {[%clk 00:34:28]} {[%emt 00:00:26]} Kh7 {[%clk 00:26:09]} {[%emt
00:00:13]} 58. Qg7# {[%clk 00:34:23]} {[%emt 00:00:06]} 1-0

[Event "DEM U10w 2025"]
[Site "Willingen GER"]
[Date "2025.06.11"]
[Round "6"]
[White "Winkler, Helena"]
[Black "Schmidt, Hannah"]
[Result "0-1"]
[Termination "normal"]
[Board "14"]
[WhiteElo "953"]
[BlackElo "1121"]
[WhiteClock "01:38:03"]
[BlackClock "01:00:27"]
[PlyCount "132"]
[WhiteFideId "533018847"]
[BlackFideId "533043639"]
[EventCountry "GER"]
[EventRounds "9"]
[EventType "swiss"]
[EventDate "2025.06.07"]

1. d4 {[%clk 01:30:57]} {[%emt 00:00:02]} Nf6 {[%clk 01:30:55]} {[%emt
00:00:05]} 2. Nf3 {[%clk 01:31:21]} {[%emt 00:00:06]} d5 {[%clk 01:27:49]}
{[%emt 00:03:36]} 3. c4 {[%clk 01:31:31]} {[%emt 00:00:19]} e6 {[%clk
01:26:58]} {[%emt 00:01:22]} 4. e3 {[%clk 01:31:54]} {[%emt 00:00:07]} Nbd7
{[%clk 01:25:49]} {[%emt 00:01:39]} 5. Nc3 {[%clk 01:31:44]} {[%emt 00:00:40]}
c6 {[%clk 01:25:44]} {[%emt 00:00:35]} 6. Bd3 {[%clk 01:31:46]} {[%emt
00:00:27]} Bd6 {[%clk 01:25:46]} {[%emt 00:00:29]} 7. O-O {[%clk 01:32:07]}
{[%emt 00:00:09]} b6 {[%clk 01:23:43]} {[%emt 00:02:33]} 8. e4 {[%clk
01:31:44]} {[%emt 00:00:53]} Bb7 {[%clk 01:22:41]} {[%emt 00:01:26]} 9. e5
{[%clk 01:31:54]} {[%emt 00:00:26]} Be7 {[%clk 01:21:43]} {[%emt 00:01:28]} 10.
exf6 {[%clk 01:32:08]} {[%emt 00:00:16]} gxf6 {[%clk 01:21:36]} {[%emt
00:00:38]} 11. Bf4 {[%clk 01:31:36]} {[%emt 00:01:02]} h5 {[%clk 01:20:27]}
{[%emt 00:01:38]} 12. a3 {[%clk 01:31:39]} {[%emt 00:00:28]} Nf8 {[%clk
01:20:15]} {[%emt 00:00:42]} 13. b4 {[%clk 01:31:49]} {[%emt 00:00:20]} Ng6
{[%clk 01:20:17]} {[%emt 00:00:27]} 14. Bg3 {[%clk 01:31:48]} {[%emt 00:00:31]}
h4 {[%emt 00:01:31]} 15. Nxh4 {[%clk 01:31:13]} {[%emt 00:00:01]} Nxh4 {[%emt
00:01:37]} 16. Qg4 {[%clk 01:30:31]} {[%emt 00:00:14]} f5 {[%clk 01:20:02]}
{[%emt 00:00:40]} 17. Qg7 {[%clk 01:30:03]} {[%emt 00:00:51]} Bf6 {[%clk
01:19:54]} {[%emt 00:00:45]} 18. Bxh4 {[%clk 01:29:36]} {[%emt 00:00:57]} Rxh4
{[%clk 01:19:32]} {[%emt 00:00:51]} 19. Qg8+ {[%clk 01:29:37]} {[%emt
00:00:28]} Kd7 {[%clk 01:19:34]} {[%emt 00:00:29]} 20. Qxf7+ {[%clk 01:29:45]}
{[%emt 00:00:22]} Qe7 {[%clk 01:19:38]} {[%emt 00:00:27]} 21. Qxe7+ {[%clk
01:29:47]} {[%emt 00:00:28]} Kxe7 {[%clk 01:19:57]} {[%emt 00:00:11]} 22. Ne2
{[%clk 01:29:20]} {[%emt 00:00:57]} Bxd4 {[%clk 01:19:18]} {[%emt 00:01:09]}
23. Nxd4 {[%clk 01:29:32]} {[%emt 00:00:18]} Rxd4 {[%clk 01:19:41]} {[%emt
00:00:06]} 24. Be2 {[%clk 01:29:36]} {[%emt 00:00:27]} dxc4 {[%clk 01:19:14]}
{[%emt 00:00:57]} 25. Rac1 {[%clk 01:29:51]} {[%emt 00:00:15]} b5 {[%clk
01:18:35]} {[%emt 00:01:10]} 26. Rfd1 {[%emt 00:00:33]} Rad8 {[%clk 01:16:45]}
{[%emt 00:02:06]} 27. h4 {[%clk 01:30:06]} {[%emt 00:00:25]} Rxh4 {[%clk
01:15:30]} {[%emt 00:01:44]} 28. Rxd8 {[%clk 01:30:21]} {[%emt 00:00:16]} Kxd8
{[%clk 01:15:51]} {[%emt 00:00:09]} 29. g3 {[%clk 01:30:18]} {[%emt 00:00:34]}
Rd4 {[%clk 01:14:14]} {[%emt 00:02:07]} 30. Rc3 {[%clk 01:30:26]} {[%emt
00:00:20]} Rd7 {[%clk 01:13:32]} {[%emt 00:01:14]} 31. g4 {[%clk 01:30:32]}
{[%emt 00:00:25]} Rg7 {[%clk 01:13:40]} {[%emt 00:00:21]} 32. f3 {[%clk
01:30:56]} {[%emt 00:00:07]} Bc8 {[%clk 01:13:05]} {[%emt 00:01:05]} 33. Kf2
{[%clk 01:31:12]} {[%emt 00:00:13]} fxg4 {[%clk 01:13:23]} {[%emt 00:00:12]}
34. fxg4 {[%clk 01:31:36]} {[%emt 00:00:07]} Rf7+ {[%clk 01:12:41]} {[%emt
00:01:12]} 35. Ke3 {[%clk 01:31:53]} {[%emt 00:00:12]} Kc7 {[%clk 01:09:03]}
{[%emt 00:04:09]} 36. a4 {[%clk 01:31:23]} {[%emt 00:01:01]} Rh7 {[%clk
01:06:06]} {[%emt 00:03:26]} 37. Kf4 {[%clk 01:31:28]} {[%emt 00:00:24]} Rg7
{[%clk 01:04:38]} {[%emt 00:01:59]} 38. axb5 {[%clk 01:31:47]} {[%emt
00:00:11]} cxb5 {[%clk 01:04:54]} {[%emt 00:00:14]} 39. g5 {[%clk 01:32:03]}
{[%emt 00:00:14]} e5+ {[%clk 01:05:00]} {[%emt 00:00:24]} 40. Kxe5 {[%clk
01:31:57]} {[%emt 00:00:36]} Rxg5+ {[%clk 01:05:20]} {[%emt 00:00:10]} 41. Kd4
{[%clk 01:32:12]} {[%emt 00:00:16]} Bb7 {[%clk 01:03:40]} {[%emt 00:02:11]} 42.
Ra3 {[%clk 01:32:08]} {[%emt 00:00:32]} Kb6 {[%clk 01:01:25]} {[%emt 00:02:45]}
43. Re3 {[%clk 01:31:27]} {[%emt 00:01:11]} Rd5+ {[%clk 00:58:06]} {[%emt
00:03:49]} 44. Kc3 {[%clk 01:31:24]} {[%emt 00:00:32]} Rd6 {[%clk 00:57:10]}
{[%emt 00:01:27]} 45. Bf3 {[%clk 01:31:20]} {[%emt 00:00:33]} Rd3+ {[%clk
00:56:11]} {[%emt 00:01:30]} 46. Rxd3 {[%clk 01:31:42]} {[%emt 00:00:07]} cxd3
{[%clk 00:56:30]} {[%emt 00:00:11]} 47. Bxb7 {[%clk 01:32:05]} {[%emt
00:00:07]} Kxb7 {[%clk 00:56:31]} {[%emt 00:00:29]} 48. Kxd3 {[%clk 01:32:30]}
{[%emt 00:00:06]} Kc6 {[%clk 00:56:39]} {[%emt 00:00:22]} 49. Kc3 {[%clk
01:32:50]} {[%emt 00:00:08]} Kd5 {[%clk 00:55:45]} {[%emt 00:01:26]} 50. Kd3
{[%clk 01:33:05]} {[%emt 00:00:15]} a6 {[%clk 00:55:53]} {[%emt 00:00:22]} 51.
Kc3 {[%clk 01:33:24]} {[%emt 00:00:11]} Ke4 {[%clk 00:56:16]} {[%emt 00:00:07]}
52. Kc2 {[%clk 01:33:34]} {[%emt 00:00:19]} Kd4 {[%clk 00:55:53]} {[%emt
00:00:53]} 53. Kb3 {[%clk 01:33:39]} {[%emt 00:00:26]} Kd3 {[%clk 00:56:11]}
{[%emt 00:00:12]} 54. Kb2 {[%clk 01:34:00]} {[%emt 00:00:08]} Kc4 {[%clk
00:56:32]} {[%emt 00:00:09]} 55. Ka3 {[%clk 01:34:22]} {[%emt 00:00:09]} Kc3
{[%clk 00:56:54]} {[%emt 00:00:08]} 56. Ka2 {[%clk 01:34:41]} {[%emt 00:00:11]}
Kxb4 {[%clk 00:57:18]} {[%emt 00:00:06]} 57. Kb2 {[%clk 01:35:04]} {[%emt
00:00:07]} a5 {[%clk 00:57:32]} {[%emt 00:00:16]} 58. Ka2 {[%clk 01:35:28]}
{[%emt 00:00:06]} Kc3 {[%clk 00:57:52]} {[%emt 00:00:10]} 59. Kb1 {[%clk
01:35:47]} {[%emt 00:00:11]} Kb3 {[%clk 00:58:11]} {[%emt 00:00:11]} 60. Ka1
{[%clk 01:36:05]} {[%emt 00:00:12]} Kc2 {[%clk 00:58:31]} {[%emt 00:00:10]} 61.
Ka2 {[%clk 01:36:13]} {[%emt 00:01:26]} b4 {[%clk 00:58:48]} {[%emt 00:00:06]}
62. Ka1 {[%clk 01:36:39]} {[%emt 00:00:10]} a4 {[%clk 00:59:04]} {[%emt
00:00:14]} 63. Ka2 {[%clk 01:37:00]} {[%emt 00:00:09]} b3+ {[%clk 00:59:28]}
{[%emt 00:00:05]} 64. Ka1 {[%clk 01:37:21]} {[%emt 00:00:08]} b2+ {[%clk
00:59:51]} {[%emt 00:00:08]} 65. Ka2 {[%clk 01:37:43]} {[%emt 00:00:09]} b1=Q+
{[%clk 01:00:12]} {[%emt 00:00:09]} 66. Ka3 {[%clk 01:38:03]} {[%emt 00:00:10]}
Qb3# {[%clk 01:00:27]} {[%emt 00:00:14]} 0-1